00401 a2200121 4500001001000000005001700010008004100027245008100068100002700149700002700176700002100203773005500224ART_1784420260410161701.0260409a 10aUn estudio estocástico de la estructura de equilibrio del sistema bancario1 aCanavese, Alfredo Juan1 aRozenwurcel, Guillermo1 aBleger, Leonardo0 tEnsayos Económicosg- Nº 16 (dic. 1980)wREV620